Temples of India

Temple construction in India started nearly 2000 years ago and marked the transition of Hinduism from the Vedic religion. The architecture of Hindu temples has evolved ever since resulting in a great variety of styles. They are usually dedicated to one primary Hindu deity and feature a murti (sacred...

Deskribapen osoa

Gorde:
Xehetasun bibliografikoak
Formatua: Liburua
Hizkuntza:Undetermined
Argitaratua: New Delhi Ocean books 2000
Gaiak:
Etiketak: Etiketa erantsi
Etiketarik gabe, Izan zaitez lehena erregistro honi etiketa jartzen!
Thư viện lưu trữ: Trung tâm Học liệu Trường Đại học Cần Thơ
LEADER 00915nam a2200181Ia 4500
001 CTU_217025
008 210402s9999 xx 000 0 und d
082 |a 294.5 
082 |b T284 
245 0 |a Temples of India 
260 |a New Delhi 
260 |b Ocean books 
260 |c 2000 
520 |a Temple construction in India started nearly 2000 years ago and marked the transition of Hinduism from the Vedic religion. The architecture of Hindu temples has evolved ever since resulting in a great variety of styles. They are usually dedicated to one primary Hindu deity and feature a murti (sacred image) of the deity. Although it is not mandatory for a Hindu to visit a Hindu temple regularly, they play a vital role in Hindu society and culture. 
650 |a Hindu temples,Đền thờ Hindu 
650 |z India,Ấn Độ 
904 |i Qhieu 
980 |a Trung tâm Học liệu Trường Đại học Cần Thơ